| 000 | 01057cab a2200277 4500 | ||
|---|---|---|---|
| 001 | ABS52220 | ||
| 008 | 090401t1995 xxu||||| |||| 00| 0 eng d | ||
| 035 | _a(Sirsi) u66447 | ||
| 041 | _aeng | ||
| 245 | 2 | _aA lack of interest | |
| 260 | _c1995 | ||
| 350 | _a0 | ||
| 490 |
_aChartered Builder _v7(1) February 1995, 5(1) |
||
| 520 | _aArbitration Act 1950 s19A(1) restricts the contractor`s right to interest on money paid as an adjustment to ICE Conditions of Contract 5 Edition Cl 60(2) certificates. Case law. | ||
| 650 | _aARBITRATION ACT 1950 S19A(1) | ||
| 650 | _aBLAENAU GWENT BC V LOCK | ||
| 650 | _aBP CHEMICALS LTD V KINGDOM ENGINEERING (FIFE) LTD | ||
| 650 | _aICE CONDITIONS OF CONTRACT 5TH EDITION CL60(2) | ||
| 650 | _aMORGAN GRENFELL (LOCAL AUTHORITY FINANCE) LTD | ||
| 650 | _aKINGSTON UPON THAMES BC V AMEC CIVIL ENGINEERING LTD | ||
| 650 | _aSEVENSEAS DREDGING LTD NO 2 | ||
| 650 | _aSOS TRANSPORT V BIRSE-FARR JOINT VENTURE | ||
| 690 | _aBUILT ENVIRONMENT-BUILDING CONTRACT FORMS | ||
| 942 | _n0 | ||
| 948 | _c04/03/1997 | ||
| 999 |
_c41511 _d41511 |
||